Mario Botta / (Record no. 26687)

MARC details
000 -LEADER
fixed length control field 00866cam a22002775a 4500
001 - CONTROL NUMBER
control field ocn326704121
003 - CONTROL NUMBER IDENTIFIER
control field EG-ScBUE
005 - DATE AND TIME OF LATEST TRANSACTION
control field 20221020112707.0
008 - FIXED-LENGTH DATA ELEMENTS--GENERAL INFORMATION
fixed length control field 090518s2009 it a f b 000 0deng d
020 ## - INTERNATIONAL STANDARD BOOK NUMBER
International Standard Book Number 9788864130118
040 ## - CATALOGING SOURCE
Original cataloging agency BTCTA
Language of cataloging eng
Description conventions rda
Transcribing agency BTCTA
Modifying agency BWX
-- OCLCQ
-- CLE
-- C3L
-- IUL
-- IUL
-- EG-ScBUE
082 04 - DEWEY DECIMAL CLASSIFICATION NUMBER
Classification number 720.9
Edition number 22
Item number COP
100 1# - MAIN ENTRY--PERSONAL NAME
Personal name Coppa, Alessandra,
Relator term author.
245 10 - TITLE STATEMENT
Title Mario Botta /
Statement of responsibility, etc Alessandra Coppa.
250 ## - EDITION STATEMENT
Edition statement First English edition.
264 #1 - PUBLICATION, DISTRIBUTION, ETC. (IMPRINT)
Place of publication, distribution, etc Milan :
Name of publisher, distributor, etc Motta,
Date of publication, distribution, etc 2009.
300 ## - PHYSICAL DESCRIPTION
Extent 119 pages :
Other physical details illustrations ;
Dimensions 27 cm.
490 0# - SERIES STATEMENT
Series statement Minimum essential architecture library series
504 ## - BIBLIOGRAPHY, ETC. NOTE
Bibliography, etc Includes bibliographical references.
600 17 - SUBJECT ADDED ENTRY--PERSONAL NAME
Personal name Botta, Mario,
Dates associated with a name 1943-
General subdivision Criticism and interpretation.
Source of heading or term BUEsh
650 ## - SUBJECT ADDED ENTRY--TOPICAL TERM
Source of heading or term BUEsh
651 ## - SUBJECT ADDED ENTRY--GEOGRAPHIC NAME
Source of heading or term BUEsh
653 ## - INDEX TERM--UNCONTROLLED
Resource For college Generalities
Arrived date list May2018
655 ## - INDEX TERM--GENRE/FORM
Form subdivision Reading book
942 ## - ADDED ENTRY ELEMENTS (KOHA)
Source of classification or shelving scheme Dewey Decimal Classification
Koha item type Book - Borrowing
Holdings
Withdrawn status Lost status Source of classification or shelving scheme Damaged status Not for loan Home library Current library Shelving location Date acquired Total Checkouts Full call number Barcode Date last seen Price effective from Koha item type
    Dewey Decimal Classification     Central Library Central Library Second Floor 10/05/2018   720.9 COP 000047739 15/07/2025 10/05/2018 Book - Borrowing